00456nam a2200133 4500082000800000245008300008260005200091650002100143650001900164700002800183942000700211952008900218999001500307 bREV aA review of the programme on citizens activism for social and economic justice aNew Delhi:bInstitute of Social Sciences,c2001 aEconomic justice aSocial justice aGhosh, Buddhadebecomp. cRP 00102ddc4070aMAINbMAINd2024-02-28l0oREVpRAF5126r2024-02-28w2024-02-28yRP c4829d4829